<?xml version="1.0" encoding="UTF-8"?>
<record
    xmlns:xsi="http://www.w3.org/2001/XMLSchema-instance"
    xsi:schemaLocation="http://www.loc.gov/MARC21/slim http://www.loc.gov/standards/marcxml/schema/MARC21slim.xsd"
    xmlns="http://www.loc.gov/MARC21/slim">

  <leader>00692nam a22002057a 4500</leader>
  <controlfield tag="008">110810t        xxu||||| |||| 00| 0 eng d</controlfield>
  <datafield tag="020" ind1=" " ind2=" ">
    <subfield code="a">978-2-294-01549-6</subfield>
  </datafield>
  <datafield tag="040" ind1=" " ind2=" ">
    <subfield code="a">BUAC</subfield>
    <subfield code="c">CDIRSP</subfield>
  </datafield>
  <datafield tag="041" ind1=" " ind2=" ">
    <subfield code="a">Fr</subfield>
  </datafield>
  <datafield tag="100" ind1=" " ind2=" ">
    <subfield code="a">BARRE, Michel</subfield>
    <subfield code="9">18107</subfield>
  </datafield>
  <datafield tag="245" ind1=" " ind2=" ">
    <subfield code="a">Organiser les services de soins</subfield>
    <subfield code="b"> : le management par la qualit&#xE9;</subfield>
    <subfield code="c"> / Michel BARRE, CHAMPION- DAVILLER Marie- Noelle</subfield>
  </datafield>
  <datafield tag="250" ind1=" " ind2=" ">
    <subfield code="a">2 &#xE8; Ed.</subfield>
  </datafield>
  <datafield tag="260" ind1=" " ind2=" ">
    <subfield code="a">Paris :</subfield>
    <subfield code="b">Masson,</subfield>
    <subfield code="c">2004</subfield>
  </datafield>
  <datafield tag="300" ind1=" " ind2=" ">
    <subfield code="a">214 p.</subfield>
  </datafield>
  <datafield tag="440" ind1=" " ind2=" ">
    <subfield code="a">(Collection Encadrer &#xE0;  L'H&#xF4;pital)</subfield>
    <subfield code="9">18108</subfield>
  </datafield>
  <datafield tag="650" ind1=" " ind2=" ">
    <subfield code="a">Qualit&#xE9; soins</subfield>
    <subfield code="9">18109</subfield>
  </datafield>
  <datafield tag="653" ind1=" " ind2=" ">
    <subfield code="a">Organiser service de soins</subfield>
    <subfield code="a"> Gestion : H&#xF4;pital</subfield>
  </datafield>
  <datafield tag="700" ind1=" " ind2=" ">
    <subfield code="a">  Marie- Noelle ,CHAMPION- DAVILLER</subfield>
    <subfield code="9">18110</subfield>
  </datafield>
  <datafield tag="942" ind1=" " ind2=" ">
    <subfield code="c">LIVR</subfield>
  </datafield>
  <datafield tag="999" ind1=" " ind2=" ">
    <subfield code="c">49587</subfield>
    <subfield code="d">49587</subfield>
  </datafield>
  <datafield tag="952" ind1=" " ind2=" ">
    <subfield code="0">0</subfield>
    <subfield code="1">0</subfield>
    <subfield code="4">0</subfield>
    <subfield code="7">0</subfield>
    <subfield code="a">CDIRSP</subfield>
    <subfield code="b">CDIRSP</subfield>
    <subfield code="d">2011-08-10</subfield>
    <subfield code="e">Achat</subfield>
    <subfield code="l">0</subfield>
    <subfield code="p">4601CDIRSP</subfield>
    <subfield code="r">2011-08-10 00:00:00</subfield>
    <subfield code="t">1</subfield>
    <subfield code="w">2011-08-10</subfield>
    <subfield code="y">LIVR</subfield>
  </datafield>
  <datafield tag="952" ind1=" " ind2=" ">
    <subfield code="0">0</subfield>
    <subfield code="1">0</subfield>
    <subfield code="4">0</subfield>
    <subfield code="7">0</subfield>
    <subfield code="a">CDIRSP</subfield>
    <subfield code="b">CDIRSP</subfield>
    <subfield code="d">2011-08-10</subfield>
    <subfield code="e">Achat</subfield>
    <subfield code="l">0</subfield>
    <subfield code="p">4602CDIRSP</subfield>
    <subfield code="r">2011-08-10 00:00:00</subfield>
    <subfield code="t">1</subfield>
    <subfield code="w">2011-08-10</subfield>
    <subfield code="y">LIV</subfield>
  </datafield>
</record>
